000 00467nam a2200157Ia 4500
999 _c1228
_d1228
003 MAJU-Karachi
005 20230322180721.0
008 190723s9999 xx 000 0 und d
020 _a978-0-8400-5851-5
040 _c0
100 _aBarry J. Babin ; Eric G. Harris
245 0 _aCB3 What's Inside: A Student-Tested, Faculty-Approved Approach to Learning Consumer Behavior
260 _aUSA
_bSouth Western
_c2012
300 _axii, 380 pages
942 _cBK
_2ddc